000 01245nam0a22003011 4500
001 rc\4821972
005 20260513155232.0
021 _aRU
_b[66-96709]
035 _a(NLR Aleph) 008883128
090 _a8594606
_c8594606
100 _a20130426d1966 |||y0rusy50 ca
101 0 _arus
102 _aRU
105 _aa z |||||
200 1 _aОпыт освоения непрерывной линии производства маргарина
_fЦентр. ин-т науч.-техн. информации пищевой пром-сти М-ва пищевой пром-сти СССР
210 _aМосква
_cБ. и.
_d1966
215 _a75 с., 2 л. черт.
_cчерт.
_d21
300 _aНа обл. авт. не указаны
606 _aПоточные линии в масложировом производстве
_2psbo
606 _aМаргариновое производство
_xПоточный метод
_2psbo
700 1 _aШмидт
_bА. А.
_cд-р техн. наук
_gАрон Анисимович
_3RU\NLR\AUTH\770293551
701 1 _aЛюбчанская
_bЗ. И.
801 0 _aRU
_bNLR
_gpsbo
801 1 _aRU
_bELAR
_2rusmarc
852 _aNLR
_j67-6/796
942 _cBOOK
980 _aNB